| 000 | 00000nam##2200000za#4500 |
| 001 | 9.575590 |
| 003 | CaOODSP |
| 005 | 20210624184734 |
| 007 | cr ||||||||||| |
| 008 | 150406|2008||||xxc|||||o f|0| 0 eng|d |
| 040 | |aCaOODSP|beng |
| 043 | |an-cn--- |
| 086 | 1 |aTU3-5/08-21E-PDF |
| 110 | 2 |aTransportation Safety Board of Canada. |
| 245 | 10|aLoss of visual reference/collision with terrain - Sequoia Helicopters Limited Bell 212 (Helicopter) C-GERH Golden, British Columbia, 9 nm W, 07 February 2008 |h[electronic resource] |
| 260 | |aGatineau - Quebec : |bTransportation Safety Board of Canada |c[2008]. |
| 300 | |a7p.|bfigs. |
| 490 | 1 |aAviation investigation report |vA08P0035 |
| 590 | |a13-02-Supp|b2013-01-11 |
| 775 | 08|tPerte de référence visuelle et collision avec le relief de l'hélicoptère Bell 212 C-GERH exploité par Sequoia Helicopters Limited à 9 nm à l'ouest de Golden (Colombie-Britannique), le 7 février 2008 |w(CaOODSP)9.605087 |
| 830 | #0|aAviation investigation report ;|vA08P0035|w(CaOODSP)9.504825 |
| 856 | 40|ahttp://publications.gc.ca|qPDF|s197 KB|uhttps://publications.gc.ca/collections/collection_2012/bst-tsb/TU3-5-08-21-eng.pdf|yA08P0035 |